000 00651nam a2200181 i 4500
001 149750
003 ES-MaACL
005 20231227193322.0
007 t|
008 071024s1951 sp ||||1| spa d
100 1 _aVázquez Richart, José.
_9113478
245 1 3 _aEl profesionalismo en el futbol
_b: (los jugadores y la ley) /
_cpor José Vázquez Richart... ; prólogo del Ilmo. Sr. D. Antonio Hernández Gil.
260 _aMadrid :
_b[s.n.],
_c1951 (
_fGráficas. E. Casado)
300 _a55 p. ;
_c21 cm.
700 1 _aHernández Gil, Antonio,
_d1915-1994
_962943
852 _aES-MaACL
_j2038-F-1
_bR.53841
999 _c149750
_d149750